Statistics for Largest Cities on the Adriatic Sea

Click here to take the quiz!

General Stats

  • This quiz has been taken 126 times
  • The average score is 6 of 10

Answer Stats

CountryPopulationCity% Correct
Croatia178.000Split
94%
Italy271.000Venice
94%
Italy321.000Bari
89%
Italy206.000Trieste
77%
Croatia128.000Rijeka
65%
Italy101.000Ancona
63%
Albania199.000Durrës
61%
Italy150.000Rimini
47%
Italy123.000Pescara
45%
Italy96.000Pesaro
9%

Score Distribution

Percentile by Number Answered

Percent of People with Each Score

Your Score History

You have not taken this quiz